00291 a2200109 4500020001500000024001800015082001100033100002500044245005300069260005100122300000800173 a8120313712 a9788120313712 a658.15 aWilliamson, Ducncan. aCost and Management AccountingcDucan Williamson aNew Delhi, IndiabPrentice Hall of Indiac1998 a770